Yhdysvaltain tärkeimmät kauppakumppanit - Statistics

Yleistilastot
  • Tätä visaa on pelattu 591 kertaa
  • Keskiarvotulos 16 / 21
Vastaustilastot
Tuonti Vienti Valtio % Oikein
542 mrd. 181 mrd. Kiina
99%
366 mrd. 307 mrd. Kanada
98%
138 mrd. 65,2 mrd. Saksa
98%
51,7 mrd. 30,7 mrd. Ranska
97%
46,9 mrd. Brasilia
96%
388 mrd. 276 mrd. Meksiko
95%
139 mrd. 75,0 mrd. Japani
93%
57,5 mrd. 61,5 mrd. Yhdistynyt kuningaskunta
93%
77,0 mrd. 40,1 mrd. Intia
90%
63,1 mrd. Italia
89%
26,4 mrd. Australia
88%
98,8 mrd. 65,8 mrd. Etelä-Korea
78%
53,6 mrd. Alankomaat
64%
74,0 mrd. Irlanti
60%
50,4 mrd. Thaimaa
59%
33,7 mrd. Belgia
57%
108 mrd. Vietnam
50%
63,6 mrd. 24,0 mrd. Sveitsi
49%
80,7 mrd. 36,9 mrd. Taiwan
46%
57,8 mrd. Malesia
33%
35,8 mrd. Singapore
29%
Ehtoja vastaavia visoja ei löytynyt
Tulosjakauma
Jokaisen tuloksen saaneiden osuus
Persentiili vastausten määrän mukaan
Tuloshistoriasi
Et ole pelannut tätä visaa